• 首页
  • 本馆介绍
  • 公告通知
  • 最新文献
  • 馆藏检索
  • 电子资源
  • 读者导购
  • 参考咨询
  • 我的图书馆
  • 登录
  • 详细信息显示
  • 放入我的书架
  • 预约/预借图书
  • 作者相关作品
  • 分类相关作品
  • 丛书相关作品
  • 出版社相关作品

书目信息

  • 表格格式
  • 工作单格式
  • 卡片格式
题名:
聆听及面谈技巧训练课程(学员手册)
    
 
作者: 游达裕 著 ;叶少勤 编
分册:  
出版信息: 北京   中国社会出版社  2013
页数: 80页
开本: 21cm
丛书名:
单 册:
中图分类: C916-62 , C916
科图分类:
主题词: 社会工作--咨询服务--手册 , 社会工作 , 咨询服务
电子资源:
ISBN: 978-7-5087-4454-4
000 01093nam0 2200289 450
001 2375434895
005 20231219205842.52
010    @a978-7-5087-4454-4@dCNY 8.00
100    @a20130828d2013 em y0chiy0120 ea
101 0  @achi
102    @aCN@b110000
105    @ay z 000yy
200 1  @a聆听及面谈技巧训练课程(学员手册)@Aling ting ji mian tan ji qiao xun lian ke cheng ( xue yuan shou ce )@b专著@f游达裕著@g叶少勤编
210    @a北京@c中国社会出版社@d2013
215    @a80页@d21cm
312    @a封面英文题名:Listening and interview
330    @a本书从“聆听框架”开始,作者尝试把聆听内容分为“事实”“体验”与“需要”,而事实又进一步分为“背景资料”及“事件”等。不少例子和家庭习作都是节录或修改自内地报刊和社工教科书里的案例,或参考社工学生在内地实习的经验。
510 1  @aListening and interview@zeng
606 0  @a社会工作@x咨询服务@j手册
606 0  @a社会工作
606 0  @a咨询服务
690    @aC916-62@v5
690    @aC916@v4
701  0 @a游达裕@Ayou da yu@4著
702  0 @a叶少勤@Aye shao qin@c(女)@4编
801  2 @aCN@b辽宁北配@c20231205
905    @aBZT@dC916@e17
    
    聆听及面谈技巧训练课程(学员手册)/游达裕著/叶少勤编.-北京:中国社会出版社,2013
    80页;21cm
    
    
    ISBN 978-7-5087-4454-4:CNY 8.00
    本书从“聆听框架”开始,作者尝试把聆听内容分为“事实”“体验”与“需要”,而事实又进一步分为“背景资料”及“事件”等。不少例子和家庭习作都是节录或修改自内地报刊和社工教科书里的案例,或参考社工学生在内地实习的经验。
●
相关链接 在五车中查询图书 在当当中查询图书 在豆瓣中查询图书


正题名:聆听及面谈技巧训练课程(学员手册)     索取号:C916/17         预约/预借

序号 登录号 条形码 馆藏地/架位号 状态 备注
1 2001660023   2001660023   516书库/ [索取号:C916/17] 在馆    
2 2001660024   2001660024   516书库/ [索取号:C916/17] 在馆    
3 2001660025   2001660025   516书库/ [索取号:C916/17] 在馆    
4 2001660026   2001660026   516书库/ [索取号:C916/17] 在馆    
5 2001660027   2001660027   516书库/ [索取号:C916/17] 在馆    
6 2001660028   2001660028   516书库/ [索取号:C916/17] 在馆    
7 2001660029   2001660029   516书库/ [索取号:C916/17] 在馆    
8 2001660030   2001660030   516书库/ [索取号:C916/17] 在馆    
9 2001660031   2001660031   516书库/ [索取号:C916/17] 在馆    
10 2001660032   2001660032   516书库/ [索取号:C916/17] 在馆    
11 2001660033   2001660033   516书库/ [索取号:C916/17] 在馆    
12 2001660034   2001660034   516书库/ [索取号:C916/17] 在馆    
13 2001660035   2001660035   516书库/ [索取号:C916/17] 在馆    
14 2001660036   2001660036   516书库/ [索取号:C916/17] 在馆    
15 2001660037   2001660037   516书库/ [索取号:C916/17] 在馆    
16 2001660038   2001660038   516书库/ [索取号:C916/17] 在馆    
17 2001660039   2001660039   516书库/ [索取号:C916/17] 在馆    
18 2001660040   2001660040   516书库/ [索取号:C916/17] 在馆    
19 2001660041   2001660041   516书库/ [索取号:C916/17] 在馆    
20 2001660042   2001660042   516书库/ [索取号:C916/17] 在馆    
21 2001660043   2001660043   516书库/ [索取号:C916/17] 在馆    
22 2001660044   2001660044   516书库/ [索取号:C916/17] 在馆    
23 2001660045   2001660045   516书库/ [索取号:C916/17] 在馆    
24 2001660046   2001660046   516书库/ [索取号:C916/17] 在馆    
25 2001660047   2001660047   516书库/ [索取号:C916/17] 在馆    
26 2001660048   2001660048   516书库/ [索取号:C916/17] 在馆    
27 2001660049   2001660049   516书库/ [索取号:C916/17] 在馆    
28 2001660050   2001660050   516书库/ [索取号:C916/17] 在馆    
29 2001660051   2001660051   516书库/ [索取号:C916/17] 在馆    
30 2001660052   2001660052   516书库/ [索取号:C916/17] 在馆    
山东省滨州职业学院图书馆 欢迎您!
大连网信软件有限公司© 版权所有